|
|
|
|
| LEADER |
00000cam a2200000 a 4500 |
| 001 |
48471 |
| 005 |
20231128062805.0 |
| 008 |
002123|1927 ||||||||r|||||||||||spa|| |
| 040 |
|
|
|b spa
|
| 041 |
1 |
|
|a fre
|
| 082 |
0 |
|
|a 193
|
| 100 |
1 |
|
|a Marx, Karl.
|d 1818-1883
|9 8972
|
| 245 |
|
|
|a Oeuvres philosophiques
|c Karl Marx
|h imp
|n tomo 1
|
| 264 |
|
|
|a Paris
|b Alfred Costes Éditeur
|c 1927
|
| 300 |
|
|
|a 214 páginas:
|c 17 cm
|
| 650 |
|
0 |
|a Filosofía cultural
|9 28564
|
| 852 |
|
|
|a UC-CDJBV
|c ESTANTERIA CERRADA
|f Donación
|k lucia.mora
|l 1
|m General
|p 20021230
|q 1,00
|r 2
|t 48471
|b 0
|d CDRC
|e CDRC
|g 193 ESTANTERIA CERRADA
|z 2002-21-23
|
| 942 |
|
|
|c BK
|
| 999 |
|
|
|c 16275
|d 16275
|